Statistics for Stranger Things Character Quiz (SPOILERS)

Click here to take the quiz!

General Stats

  • This quiz has been taken 13,787 times
  • The average score is 13 of 15

Answer Stats

HintAnswer% Correct
Protagonist who likes eggo wafflesEleven
99%
Kisses El in the last episode of S2Mike
98%
Did not have teeth in S1Dustin
96%
Mike's older sisterNancy
94%
Boyfriend of Nancy (Has awesome hair)Steve Harrington
92%
Mother of WillJoyce
91%
Protagonist who is being searched for throughout S1Will
90%
Keeps Eleven away from society to shelter her from being found.Chief Hopper
89%
Wears a bandana in S1Lucas
87%
Newest protagonist in S2; step-sister to person above ^Max
82%
Will's older brotherJonathan
81%
Abusive step-brother in S2Billy
80%
Boyfriend to JoyceBob Newby
76%
Eleven calls him "Papa"Dr. Martin Brenner
60%
Died, according to fans, unjustly and undeservinglyBarbara
58%

Score Distribution

Percentile by Number Answered

Percent of People with Each Score

Your Score History

You have not taken this quiz